El provinciano en Santiago, y otros artículos de costumbres

Shranjeno v:
Bibliografske podrobnosti
Main Authors: Vallejo, José Joaquín (Author), Jotabeche (Author)
Format: Knjiga
Jezik:španščina
Izdano: Santiago Santiago 1966
Teme:
Oznake: Označite
Brez oznak, prvi označite!

MARC

LEADER 00000nam a2200000 a 4500
001 UCQ6931
003 CL-VaPUC
008 981023e19660000CL |||||||||||||||||spa|d
082 0 4 |a Ch864  |b VAL  |2 21 
100 0 |a Vallejo, José Joaquín  |e author  |9 420325 
700 0 |a Jotabeche  |e author  |9 420326 
245 1 3 |a El provinciano en Santiago, y otros artículos de costumbres 
300 |a 139 p 
942 |c BK 
945 |d 19981023 00:00:00  |a crobeson 
260 |a Santiago  |b Santiago  |c 1966 
650 0 |a Ensayos chilenos   |9 269132 
650 0 |a Literatura chilena   |9 308278 
583 |a last modification  |c 19981023 00:00:00  |k Rodrigo Vera 
999 |c 276826  |d 276824 
952 |0 0  |1 0  |4 0  |6 CH_864_000000000000000_VAL_1966  |7 0  |8 A  |9 314312  |a BIBEDU  |b BIBEDU  |d 2019-11-20  |i 1486454  |o Ch864 VAL 1966  |p 1486454  |r 2019-11-20  |w 2019-11-20  |y BK  |k LIT 
952 |0 0  |1 0  |4 0  |6 CH_864_000000000000000_VAL_1966  |7 0  |8 A  |9 314313  |a BIBEDU  |b BIBEDU  |d 2019-11-20  |i 1486462  |o Ch864 VAL 1966  |p 1486462  |r 2019-11-20  |w 2019-11-20  |y BK  |k LIT